| 000 | 01299nmm a2200361 a 4500 | ||
|---|---|---|---|
| 001 | ocm0001132603 | ||
| 003 | TR-IsHL | ||
| 005 | 20201028152247.0 | ||
| 008 | 150709s2015 tu tur | ||
| 007 | cr cn | ||
| 020 | _a9786059964463 | ||
| 035 |
_a1132603 _b(N$T) |
||
| 050 | 0 | 4 |
_aPN6231.N27 _bN37 2015 |
| 090 | 0 | 4 |
_aPN6231.N27 _bN37 2015 |
| 100 | 1 | _aNasrettin Hoca | |
| 245 | 1 | 0 |
_aNasreddin Hoca'dan hikayeler _h[electronic resource] / _cNasrettin Hoca ; hazırlayan Muhammet Yıldız ; editör Faruk Kasım Bilgeoğlu, Faruk Çınar ; tashih Yakup Emre, Yasin Özkan ; resimleyen Sevgi İçigen |
| 260 |
_aİstanbul : _bÇamlıca Basım Yayın, _c2015 |
||
| 300 | _a82 p. | ||
| 650 | 4 | _aDil ve Edebiyat | |
| 650 | 4 | _aLanguage and Literature | |
| 650 | 0 | _aNasreddin Hoca (Efsanevi karakter) | |
| 650 | 0 | _aNasreddin Hoca (Legendary character) | |
| 650 | 0 | _aTürk nükte ve mizahı | |
| 650 | 0 | _aTurkish wit and humor | |
| 650 | 7 |
_aHUMOR / Form / Anecdotes & Quotations _2bisacsh |
|
| 700 | 1 | _aYıldız, Muhammet | |
| 700 | 1 | _aBilgeoğlu, Kasım | |
| 700 | 1 | _aÇınar, Fatih | |
| 700 | 1 | _aEmre, Yakup | |
| 700 | 1 | _aÖzkan, Yasin | |
| 700 | 1 | _aİçigen, Sevgi | |
| 856 | 4 | 0 | _uhttp://search.ebscohost.com/login.aspx?direct=true&scope=site&db=e011xww&AN=1132603 |
| 999 |
_c11436 _d11436 |
||